00000000nam##2200000za#4500
0019.522927
003CaOODSP
00520200325164727
007ta
008150406|1993||||xxc|||||     f|0| 0 fre|d
040 |aCaOODSP|bfre
041 |aeng
041 |afre
043 |an-cn---
0861 |aYX4-1993/38
1101 |aCanada.|bStatuts.
24510|aLoi sur les télécommunications : |b(Loi concernant les télécommunications.)
260 |bStatuts |cProjet de loi C-62 sanctionné le 23 juin 1993.
300 |a47p. ; |c27 cm.
4901 |aLois du Canada (1993)|vChapitre 38
546 |aBilingue
563 |aCouverture souple
590 |a93-28|b1993-07-16
69107|aLégislation|2gcpds
69107|aTélécommunications|2gcpds
791 |tTelecommunications Act : |eeng|w(CaOODSP)9.522926
830#0|aLois du Canada (1993)|vChapitre 38|w(CaOODSP)9.509751